| 000 | 00643cam a2200181 4500500 | ||
|---|---|---|---|
| 005 | 20260111080441.0 | ||
| 041 | _afre | ||
| 042 | _adc | ||
| 100 | 1 | 0 |
_aBoudet, Jean-François _eauthor |
| 245 | 0 | 0 | _aL’attractivité fiscale de l’Union européenne |
| 260 | _c2020. | ||
| 500 | _a12 | ||
| 690 | _abudget de l’Union européen | ||
| 690 | _afiscalité | ||
| 690 | _alutte contre la fraude et l’évasion fiscale | ||
| 786 | 0 | _nGestion & Finances Publiques | 4 | 4 | 2020-09-21 | p. 123-129 | 1969-1009 | |
| 856 | 4 | 1 | _uhttps://droit.cairn.info/revue-gestion-et-finances-publiques-2020-4-page-123?lang=fr&redirect-ssocas=7080 |
| 999 |
_c1616315 _d1616315 |
||